00943nam a2200229 a 450000100100000000500170001000800410002702000150006804000250008310000260010824500860013426000740022030000300029449000210032450400300034550400730037570000430044871000720049183000280056395201050059199900170069600004137020201002034829.0130920s1995 sp 000 0 spa d a8400072421 aDO-SdBNPbspacBNPHU1 aLlera, Luis de96802110aLa España de posguerra :bun testimonio /cLuis de Llera y Jose Andres-Gallego. aMadrid :bConsejo Superior de Investigaciones Científicas :,c1995. a183 p. ; :bil. ;c21 cm.1 aMonografíasv1 aBibliografía p. 181-183 aIncluye referencias bibliográficas y notas al pie de las páginas1 aAndrés-Gallego, Joséd1944-9151992 aConsejo Superior de Investigaciones Científicas (España)915178 0aMonografíasn1953383 001050718MOaGRbGRcCTd2013-10-01iLF1l0o p41370-10r2020-06-25w2020-06-25y1ZNo se presta c40860d40860